000 02085nam2a2200337 4500
001 RU\NLR\bibl\213683
005 20250619101802.0
021 _aRU
_b2001-34203
_91629
035 _a(NLR Aleph) 000209831
090 _a1217782
_c1217782
100 _a20011129d2001 |||y0rusy50 ca
101 0 _arus
102 _aRU
105 _aa |||||||||
200 0 _aТ. 2
210 _d2001
_aБ. м.
215 _a133 с.
_cил.
320 _aБиблиогр. в конце докл.
461 0 _1001RU\NLR\bibl\227728
_12001#$aИсследования эколого-географических проблем природопользования для обеспечения территориальной организации и устойчивости развития нефтегазовых регионов России: Теория, методы и практика
_91300825
_cНижневартовск
_d2001
_fОтв. ред. Ф.Н. Рянский, д.г.н., проф. и др.]
_nНГПИ
_o[Сб. материалов I Всерос. науч.-практ. конф., состоявшейся в г. Нижневартовске, 14-16 нояб. 2000 г.
_tИсследования эколого-географических проблем природопользования для обеспечения территориальной организации и устойчивости развития нефтегазовых регионов России: Теория, методы и практика
610 0 _aНефтедобыча - Влияние на окружающую среду
610 0 _aГазы природные горючие - Добыча - Влияние на окружающую среду
610 0 _aОхрана окружающей среды
675 _a622.32:504.054(571.122)
_v3
_zrus
686 _a52.47
_2rugasnti
686 _a33.36
_2rubbk
801 0 _aRU
_bRKP
_c20011129
_gPSBO
801 1 _aRU
_bRKP
_c20011129
801 2 _aRU
_bNLR
_c20080205
_grcr
942 _cBOOK
980 _aNB